| 000 | 01474nam a22003375i 4500 | ||
|---|---|---|---|
| 001 | 152830 | ||
| 003 | ES-MaACL | ||
| 005 | 20250815063233.0 | ||
| 008 | 010313m18381839fr a|||| |||| 001 0 fre d | ||
| 040 |
_aCCPB | B _bspa _cCCPB | B |
||
| 080 | _a502 Buffon, Georges-Louis Leclerc, comte de | ||
| 080 | _a502(035.3)"17" | ||
| 080 | _a55/59 | ||
| 080 | _a59 | ||
| 100 | 1 |
_aBuffon, Georges Louis Leclerc, _cComte de, _d1707-1788 _eaut _932437 |
|
| 245 | 1 | 0 |
_aOeuvres complètes de Buffon / _cavec des extraits de Daubenton et la classification de Cuvier |
| 260 |
_aParis : _bchez Furne et Cie, libraires-éditeurs, _c1838-1839 _f(Imp. d'Éverat et Cie.) |
||
| 300 |
_a6 volúmenes : _bhojas de láminas (color) ; _c26 cm |
||
| 530 | _aDisponible en formato digital | ||
| 597 | 1 | _aEn v. VI: tabla de grabados, común a los 6 v. | |
| 650 | 7 |
_aCiencias naturales _2embne _910984 |
|
| 650 | 7 |
_aZoología _2embne _917868 |
|
| 700 | 1 |
_aDaubenton, Louis-Jean-Marie, _d1716-1799 _eclb _9126703 |
|
| 700 | 1 |
_aCuvier, Fréderic Georges, _d1773-1838 _eclb _9126680 |
|
| 852 | 4 |
_aES-MaACL _jG-7152-57 _cDEPO2 _xHolandesa |
|
| 856 | 4 |
_uhttps://archive.org/details/bub_gb_AP1UctXwV1IC/page/n5/mode/2up _yVersión en línea: v. 1 _z(Internet Archive) |
|
| 856 | 4 |
_uhttps://archive.org/details/bub_gb_6wuHEeodo8cC/page/n5/mode/2up _yVersión en línea: v. 2 _z(Internet Archive) |
|
| 942 |
_cMONANT _n0 |
||
| 999 |
_c152830 _d152830 |
||